Pokémon de A à Z - Statistiques

Statistiques générales
  • Ce quiz a été pris 130 fois
  • Le résultat moyen est 20 sur 26
Statistiques - réponses
Lettre Description Réponse % Correct
E Il peut évoluer en 8 Pokémon différents Évoli
96%
P Le fidèle compagnon de Sasha Pikachu
92%
M Il fait partie de la Team Rocket Miaouss
90%
F Dernière évolution d'un starter de la 1ère génération Florizarre
89%
S Starter de la Première Génération Salamèche
87%
A C'est un Pokémon de type vol et acier Airmure
85%
N Posipi et ... Négapi
85%
U Ours Ursaring
83%
V Ressemble fortement à une Pokéball Voltorbe
83%
K Pokémon semblable à un animal d'Australie Kangourex
81%
O Deuxième Pokémon de Pierre à l'arène d'Argenta Onix
81%
D Pokémon extra-terrestre qui a plusieurs formes Deoxys
76%
J Pokémon fabuleux Jirachi
76%
R Il est le créateur de 3 golems Regigigas
76%
T Il ressemble vaguement à une méduse Tentacool
76%
C Il fait partie de l'équipe de Cynthia dans Pokémon Diamant et Perle Carchacrok
75%
Q Il peint avec sa queue Queulorior
75%
W Ce Pokémon mesure près de 15 métres Wailord
75%
I Son nom contient le nom d'un outil ressemblant à des ciseaux Insécateur
74%
Z Pokémon légendaire de la Cinquième Génération Zekrom
73%
X Pokémon de types Vol et Psy Xatu
66%
B Apparu dans Pokemon Rouge et Bleu, il évolue à l'aide d'une Pierre Plante Boustiflor
63%
H De type eau et dragon Hyporoi
61%
G Sa queue possède un cerveau. Si vous vous en approchez, il vous sentira et vous mordra Girafarig
60%
Y C'est un insecte Yanma
60%
L Sa sous-évolution vous ai donnée dans un œuf dans Pokémon Diamant et Perle Lucario
50%
Aucun quiz correspondant
Distribution des résultats
% des personnes avec chaque résultat
Percentile par nombre de réponses
Votre historique - résultats
Vous n’avez pas pris ce quiz